<?xml version="1.0" encoding="UTF-8"?>
<record
    xmlns:xsi="http://www.w3.org/2001/XMLSchema-instance"
    xsi:schemaLocation="http://www.loc.gov/MARC21/slim http://www.loc.gov/standards/marcxml/schema/MARC21slim.xsd"
    xmlns="http://www.loc.gov/MARC21/slim">

  <leader>02730nam a2200301 a 4500</leader>
  <controlfield tag="001">000004320</controlfield>
  <controlfield tag="003">OSt</controlfield>
  <controlfield tag="005">20260321073638.0</controlfield>
  <controlfield tag="008">090721s2002    dr            000 0 spa d</controlfield>
  <datafield tag="020" ind1=" " ind2=" ">
    <subfield code="z">9993476161</subfield>
  </datafield>
  <datafield tag="040" ind1=" " ind2=" ">
    <subfield code="a">DO-SdBNP</subfield>
    <subfield code="b">spa</subfield>
    <subfield code="c">BNPHU</subfield>
  </datafield>
  <datafield tag="082" ind1=" " ind2=" ">
    <subfield code="a">320.97293</subfield>
    <subfield code="b">B742t, 2002</subfield>
  </datafield>
  <datafield tag="100" ind1="1" ind2=" ">
    <subfield code="a"> Bosch, Juan, </subfield>
    <subfield code="d">1909-2001</subfield>
    <subfield code="9">76555</subfield>
  </datafield>
  <datafield tag="245" ind1="1" ind2="0">
    <subfield code="a">33 art&#xED;culos de temas pol&#xED;ticos /</subfield>
    <subfield code="c">Juan Bosch.</subfield>
  </datafield>
  <datafield tag="246" ind1="1" ind2=" ">
    <subfield code="a">Treinta y tres art&#xED;culos de temas pol&#xED;ticos</subfield>
  </datafield>
  <datafield tag="250" ind1=" " ind2=" ">
    <subfield code="a">2a. ed.</subfield>
  </datafield>
  <datafield tag="260" ind1=" " ind2=" ">
    <subfield code="a">Santo Domingo :</subfield>
    <subfield code="b">Alfa &amp; Omega,</subfield>
    <subfield code="c">2002.</subfield>
  </datafield>
  <datafield tag="300" ind1=" " ind2=" ">
    <subfield code="a">265 p. ;</subfield>
    <subfield code="c">22 cm.</subfield>
  </datafield>
  <datafield tag="505" ind1="0" ind2=" ">
    <subfield code="t">Introducci&#xF3;n --</subfield>
    <subfield code="t">La funci&#xF3;n del l&#xED;der --</subfield>
    <subfield code="t">Consideraciones acerca del pol&#xED;tico : la vocaci&#xF3;n y el oficio --</subfield>
    <subfield code="t">La revoluci&#xF3;n Rusa comenz&#xF3; en 1905 --</subfield>
    <subfield code="t">No todas las revoluciones han tenido programa --</subfield>
    <subfield code="t">Ideolog&#xED;a y t&#xE1;ctica en la actividad pol&#xED;tica --</subfield>
    <subfield code="t">T&#xE1;ctica y estrateg&#xED;a --</subfield>
    <subfield code="t">Opiniones sobre la pol&#xED;tica y cultura --</subfield>
    <subfield code="t">Algunos conceptos acerca del Estado : &#xBF;c&#xF3;mo funciona ese aparato del poder? --</subfield>
    <subfield code="t">De la Constituci&#xF3;n de los Estados Nacionales a la Organizaci&#xF3;n de las Naciones Unidas --</subfield>
    <subfield code="t">Es s&#xF3;lo uno, y no tres, el poder del Estado --</subfield>
    <subfield code="t">&#xBF;Qu&#xE9; es el Fondo Monetario y c&#xF3;mo opera --</subfield>
    <subfield code="t">&#xBF; Qu&#xE9; es una clase gubernamental? --</subfield>
    <subfield code="t">La oligarqu&#xED;a financiera se ha convertido en la clase gubernamental norteamericana --</subfield>
    <subfield code="t">El SIDA econ&#xF3;mico amenaza al mundo --</subfield>
    <subfield code="t">Las luchas obreras en los Estados Unidos --</subfield>
  </datafield>
  <datafield tag="505" ind1="0" ind2=" ">
    <subfield code="t">La crisis capitalista en la econom&#xED;a norteamericana --</subfield>
    <subfield code="t">Los d&#xF3;lares que nos prestan valen cada vez menos --</subfield>
    <subfield code="t">Llego la hora de adoptar una pol&#xED;tica para el oro --</subfield>
    <subfield code="t">La guerra de las Galaxias --</subfield>
    <subfield code="t">Salvador Allende en las memorias de Kinssiger --</subfield>
    <subfield code="t">Un mensaje para Reagan --</subfield>
    <subfield code="t">En la Rep&#xFA;blica Dominicana la social democracia es una estafa pol&#xED;tica --</subfield>
    <subfield code="t">Una lecci&#xF3;n de la hist&#xF3;rica : la unidad de los pueblos Centroamericanos --</subfield>
    <subfield code="t">Nicaragua y los Estados Unidos : elecciones comparadas --</subfield>
    <subfield code="t">Nicaragua amenazada --</subfield>
    <subfield code="t">Vidas paralelas en Am&#xE9;rica Latina --</subfield>
    <subfield code="t">Sim&#xF3;n Bol&#xED;var el de las luchas portentosas --</subfield>
    <subfield code="t">Hait&#xED; a trav&#xE9;z de su historia --</subfield>
    <subfield code="t">Exilio y lucha antitrujillista --</subfield>
    <subfield code="t">Un cap&#xED;tulo nuevo en la lucha contra Trujillo --</subfield>
    <subfield code="t">Cartas cruzadas con el c&#xF3;nsul de Trujillo en Curazao --</subfield>
    <subfield code="t">La muerte de Trujillo secreto develado.</subfield>
  </datafield>
  <datafield tag="590" ind1=" " ind2=" ">
    <subfield code="a">Inventariado, 2018/ YL</subfield>
  </datafield>
  <datafield tag="650" ind1=" " ind2="4">
    <subfield code="a">Liderazgo pol&#xED;tico</subfield>
    <subfield code="x">Rep&#xFA;blica dominicana</subfield>
    <subfield code="x">Ensayos, conferencias, etc.</subfield>
    <subfield code="9">12746</subfield>
  </datafield>
  <datafield tag="650" ind1=" " ind2="4">
    <subfield code="a">Pol&#xED;tica internacional</subfield>
    <subfield code="v">Ensayos, conferencias, etc.</subfield>
    <subfield code="9">12748</subfield>
  </datafield>
  <datafield tag="651" ind1=" " ind2="4">
    <subfield code="a">Rep&#xFA;blica Dominicana</subfield>
    <subfield code="x">Pol&#xED;tica y gobierno</subfield>
    <subfield code="y">1930-1961</subfield>
    <subfield code="v">Ensayos, conferencias, etc.</subfield>
    <subfield code="9">12747</subfield>
  </datafield>
  <datafield tag="651" ind1=" " ind2="4">
    <subfield code="a">Rep&#xFA;blica Dominicana</subfield>
    <subfield code="x">Historia</subfield>
    <subfield code="y">Era de Trujillo, 1930-1961</subfield>
    <subfield code="v">Ensayos, conferencias, etc.</subfield>
    <subfield code="9">12749</subfield>
  </datafield>
  <datafield tag="910" ind1=" " ind2=" ">
    <subfield code="a">Validado. Control de calidad MMOLINA</subfield>
  </datafield>
  <datafield tag="942" ind1=" " ind2=" ">
    <subfield code="2">ddc</subfield>
    <subfield code="c">LBS1</subfield>
  </datafield>
  <datafield tag="952" ind1=" " ind2=" ">
    <subfield code="0">0</subfield>
    <subfield code="1">0</subfield>
    <subfield code="5">4</subfield>
    <subfield code="7">0</subfield>
    <subfield code="8">DS</subfield>
    <subfield code="a">GR</subfield>
    <subfield code="b">GR</subfield>
    <subfield code="c">HD</subfield>
    <subfield code="d">2011-05-24</subfield>
    <subfield code="i">LF1</subfield>
    <subfield code="l">0</subfield>
    <subfield code="o">320.97293 B742t, 2002</subfield>
    <subfield code="p">4320-100</subfield>
    <subfield code="r">2020-06-25</subfield>
    <subfield code="t">e. 5</subfield>
    <subfield code="w">2020-06-25</subfield>
    <subfield code="y">LFDS</subfield>
    <subfield code="Z">Pr&#xE9;stamo en sala</subfield>
  </datafield>
  <datafield tag="952" ind1=" " ind2=" ">
    <subfield code="0">0</subfield>
    <subfield code="1">0</subfield>
    <subfield code="5">4</subfield>
    <subfield code="7">0</subfield>
    <subfield code="8">DS</subfield>
    <subfield code="a">GR</subfield>
    <subfield code="b">GR</subfield>
    <subfield code="c">HD</subfield>
    <subfield code="d">2011-03-03</subfield>
    <subfield code="i">LF1</subfield>
    <subfield code="l">0</subfield>
    <subfield code="o">320.97293 B742t, 2002</subfield>
    <subfield code="p">4320-80</subfield>
    <subfield code="r">2020-06-25</subfield>
    <subfield code="t">e. 3</subfield>
    <subfield code="w">2020-06-25</subfield>
    <subfield code="y">LFDS</subfield>
    <subfield code="Z">Pr&#xE9;stamo en sala</subfield>
  </datafield>
  <datafield tag="952" ind1=" " ind2=" ">
    <subfield code="0">0</subfield>
    <subfield code="1">0</subfield>
    <subfield code="5">4</subfield>
    <subfield code="7">0</subfield>
    <subfield code="8">DS</subfield>
    <subfield code="a">GR</subfield>
    <subfield code="b">GR</subfield>
    <subfield code="c">HD</subfield>
    <subfield code="d">2011-05-24</subfield>
    <subfield code="i">LF1</subfield>
    <subfield code="l">0</subfield>
    <subfield code="o">320.97293 B742t, 2002</subfield>
    <subfield code="p">4320-90</subfield>
    <subfield code="r">2020-06-25</subfield>
    <subfield code="t">e. 4</subfield>
    <subfield code="w">2020-06-25</subfield>
    <subfield code="y">LFDS</subfield>
    <subfield code="Z">Pr&#xE9;stamo en sala</subfield>
  </datafield>
  <datafield tag="952" ind1=" " ind2=" ">
    <subfield code="0">0</subfield>
    <subfield code="1">0</subfield>
    <subfield code="7">1</subfield>
    <subfield code="8">PD</subfield>
    <subfield code="a">PD</subfield>
    <subfield code="b">PD</subfield>
    <subfield code="c">HD</subfield>
    <subfield code="d">2009-07-21</subfield>
    <subfield code="i">LF1</subfield>
    <subfield code="l">0</subfield>
    <subfield code="o">320.97293 B742t, 2002</subfield>
    <subfield code="p">4320-20</subfield>
    <subfield code="r">2020-06-25</subfield>
    <subfield code="w">2020-06-25</subfield>
    <subfield code="y">LFPD</subfield>
    <subfield code="Z">No se presta</subfield>
  </datafield>
  <datafield tag="952" ind1=" " ind2=" ">
    <subfield code="0">0</subfield>
    <subfield code="1">0</subfield>
    <subfield code="7">1</subfield>
    <subfield code="8">PD</subfield>
    <subfield code="a">PD</subfield>
    <subfield code="b">PD</subfield>
    <subfield code="c">HD</subfield>
    <subfield code="d">2011-03-03</subfield>
    <subfield code="i">LF1</subfield>
    <subfield code="l">0</subfield>
    <subfield code="o">320.97293 B742t, 2002</subfield>
    <subfield code="p">4320-70</subfield>
    <subfield code="r">2020-06-25</subfield>
    <subfield code="t">e. 2</subfield>
    <subfield code="w">2020-06-25</subfield>
    <subfield code="y">LFPD</subfield>
    <subfield code="Z">No se presta</subfield>
  </datafield>
  <datafield tag="999" ind1=" " ind2=" ">
    <subfield code="c">4129</subfield>
    <subfield code="d">4129</subfield>
  </datafield>
</record>
